人間的情懷 : 豐子愷的漫畫選繹

資料類型: Book 圖書   書目號:47046

Leader xxxxxxxxxx
001 __ PCLIS00047046
005 __  20041115104146.0008
010 0_ |a957-586-227-9|b平裝|dNT$130
100 __ |a20041115d1991    m  y0chiy09      e
101 0_ |achi
102 __ |atw
105 __ |aa   t   000cy
200 1_ |a人間的情懷|e豐子愷的漫畫選繹|f明川著
205 __ |a
210 __ |a台北市|c書林|d民80
215 0_ |a193 面|c|d21公分
225 __ |a|v
300 __ |a
681 __ |a855|b857
700 _1 |a明川|b|4
702 __ |a|b|4
801 _0 |atw|b海洋大學|c19930303
801 _1 |atw|b海洋大學|c19930303
801 _2 |atw|b元智|c20041115|gCCR
856 4_ |f封面檔|uhttp://lib.yzu.edu.tw/Cover/Cover20/P207824-1.jpg
856 4_ |f封面檔|uhttp://lib.yzu.edu.tw/Cover/Cover20/P207824-2.jpg
詳細館藏(共 1 筆)
索 書 號登 錄 號冊次號館別 / 館藏地流通類型狀態加入預約清單電子資源
855 / 8570 2019577  圖書館 / 一樓普通區 可外借30天 在館   

| 條列資料




目錄查詢 分類查詢 個人資料 圖書薦購 新書查詢 閉館日 排行榜 更多電子資源 Hami書城 線上資料庫 登出

From : 216.73.216.116

  本日流通累計至 19:56:53 借閱 : 6 次 續借 : 0 次 歸還 : 8 次 預約 : 0 次 電子資源 : 0 次


內湖高中圖書館  PCLIS 版本  25.5.0.2